00000000nam 2200000zi 4500
0019.954235
003CaOODSP
00520250820105550
006m     o  d f      
007cr mn ||||||||
008250819e20240717onc     obs  f000 0 fre d
040 |aCaOODSP|bfre|erda|cCaOODSP
043 |an-cn---
0861 |aCS82-003/2024-7-1F-PDF
1001 |aPark, Hanbyoul, |eauteur.
24510|aLien entre la ruralité, les lieux de soins et le lieu de décès des résidents d’établissements de soins de longue durée atteints de démence : |bétude basée sur la population / |cpar Hanbyoul Park, Christina Milani, Peter Tanuseputro et Colleen Webber.
264 1|a[Ottawa] : |bStatistique Canada = Statistics Canada, |cle 17 juillet 2024.
264 4|c©2024
300 |a1 ressource en ligne (14 pages).
336 |atexte|btxt|2rdacontent/fre
337 |ainformatique|bc|2rdamedia/fre
338 |aressource en ligne|bcr|2rdacarrier/fre
4901 |aRapports sur la santé, |x1209-1375 ; |vvol. 35, no. 7, [1]
500 |aPublié aussi en anglais sous le titre : The association between rurality, places of care and the location of death of long-term care home residents with dementia : a population-based study.
504 |aComprend des références bibliographiques (pages 13-14).
520 |a« Parmi les 65 375 résidents d’établissements de SLD atteints de démence, 49 432 (75,6 %) sont décédés dans ces établissements. Les résidents d’établissements de SLD situés dans les régions les plus urbaines étaient moins susceptibles de mourir dans ces établissements que leurs homologues vivant dans les établissements situés en région plus rurale (risque relatif corrigé : 0,84; intervalle de confiance à 95 % : 0,83 à 0,85). Une proportion plus élevée de résidents des établissements de SLD les plus urbains ont été hospitalisés au moins une fois au cours des 90 derniers jours de leur vie, comparativement aux résidents des établissements de SLD ruraux (23,7 % par rapport à 9,9 % d’hospitalisations en soins palliatifs et 28,3 % par rapport à 15,9 % d’hospitalisations en soins non palliatifs [p < 0,001]) » -- Page 3.
650 6|aDémence|zCanada|vStatistiques.
650 6|aDémence|xMortalité|zCanada|vStatistiques.
650 6|aPersonnes âgées|xSoins de longue durée|zCanada|vStatistiques.
655 7|aStatistiques|2rvmgf
7102 |aStatistique Canada, |eorganisme de publication.
77508|tThe association between rurality, places of care and the location of death of long-term care home residents with dementia : |w(CaOODSP)9.954232
830#0|aRapports sur la santé (Collection)|x1209-1375 ; |vvol. 35, no. 7, [1].|w(CaOODSP)9.950257
85640|qPDF|s516 Ko|uhttps://publications.gc.ca/collections/collection_2025/statcan/82-003-x/CS82-003-2024-7-1-fra.pdf
85641|qHTML|sS.O.|uhttps://www150.statcan.gc.ca/n1/pub/82-003-x/2024007/article/00001-fra.htm